00566nam a2200145 a 450000100100000000500170001000800410002704000250006824500730009326000660016630000360023270000300026895201050029899900170040300004243820201002040145.0131202s2004 dr af 000 0 spa d aDO-SdBNPbspacBNPHU00aCaribe y Centroamérica /cdirección editorial, Camilo Paredes R. aSanto Domingo :bArte Latinoamericano Francisco Nader,c2004. a414 p. :bil., lám. ;c31 cm.1 aParedes R. Camilo.969586 0010718PDaPDbPDcCTd2013-12-02iLF1l0o p42438-10r2020-06-25w2020-06-25yLFPDZNo se presta c41927d41927